| 000 | 00951nam a22002655a 4500 | ||
|---|---|---|---|
| 003 | OSt | ||
| 005 | 20160922110931.0 | ||
| 008 | 160922s2010 ua frb 000 0 ara d | ||
| 015 | _a2009/9617 | ||
| 020 | _a9773882462 | ||
| 040 |
_aEG-ScBUE _bara _cEG-ScBUE |
||
| 082 | 0 | 4 |
_a364 _bع ز م _222 |
| 100 | 1 |
_aعزمي، محمد مدحت. _941141 |
|
| 245 | 1 | 0 |
_aنظرات في ظاهرة الجريمة في ضوء مبادئ علم الإجرام / _cمحمد مدحت عزمي. |
| 250 | _aط. 1. | ||
| 260 |
_aالإسكندرية : _bمركز الإسكندرية للكتاب، _c2010. |
||
| 300 |
_a436 ص. ؛ _c24 سم. |
||
| 504 | _aيشتمل على إرجاعات ببليوجرافية. | ||
| 650 | 7 |
_aعلم الإجرام. _2BUEsh _941142 |
|
| 650 | 7 |
_aالجريمة والمجرمون. _2BUEsh _913556 |
|
| 650 | 7 |
_aالقانون الجنائي. _2BUEsh _921929 |
|
| 651 | _2BUEsh | ||
| 653 |
_bLLAAWW _cSeptember2016 |
||
| 942 | _2ddc | ||
| 999 |
_c22372 _d22344 |
||